01402nam a2200385 a 4500001001100000003000800011006001900019007001500038008004100053015001500094016001900109020002100128020002200149020002700171020002600198040002100224035002000245050002400265082001400289100002400303245009800327260006200425300001600487490003900503504005300542533015200595650001300747650001500760650001500775655002900790710001700819830004000836856012500876999001501001ebr5000232CaPaEBRm u cr cn|||||||||020313s2000 ne sb 001 0 eng  aGBA2-199737 a902725091x2Uk z902725091X(pbk.) z9027250901(cased) z1556199228(U.S.:cased) z1556199236(U.S.:pbk.) aCaPaEBRcCaPaEBR a(OCoLC)7076537514aPN1042b.P55 2000eb04a808.12211 aPilkington, Adrian.10aPoetic effectsh[electronic resource] :ba relevance theory perspective /cAdrian Pilkington. aAmsterdam ;a[Great Britain] :bJ. Benjamins Pub,cc2000. axiv, 209 p.1 aPragmatics & beyond ;vnew ser. 75 aIncludes bibliographical references and indexes. aElectronic reproduction.bPalo Alto, Calif. :cebrary,d2013.nAvailable via World Wide Web.nAccess may be limited to ebrary affiliated libraries. 0aPoetics. 0aCriticism. 0aRelevance. 7aElectronic books.2local2 aebrary, Inc. 0aPragmatics & beyond ;vnew ser. 75.40uhttp://site.ebrary.com/lib/rucke/Doc?id=5000232zAn electronic book accessible through the World Wide Web; click to view c2714d2714